Přehled měn Euromoney.
Prehľad z oblasti meny Fínska, Belgicka, Dánska a Grécka. Celková situácia, posledný vývoj a hospodárska politika. Úloha centrálnej banky a menová politika. Charakteristika trhu. Prognóza ďalšieho vývoja v rozvoji hospodárstva uvedených európskych krajín.
Saved in:
| Main Author: | |
|---|---|
| Format: | Book Chapter |
| Language: | Czech |
| Subjects: | |
| Tags: |
No Tags, Be the first to tag this record!
|
MARC
| LEADER | 00000naa a2200000 4500 | ||
|---|---|---|---|
| 001 | r012820 | ||
| 005 | 20220826094549.3 | ||
| 041 | 0 | |a cze | |
| 044 | |a CZ | ||
| 245 | 1 | 0 | |a Přehled měn Euromoney. |c S. Wallius |
| 520 | |a Prehľad z oblasti meny Fínska, Belgicka, Dánska a Grécka. Celková situácia, posledný vývoj a hospodárska politika. Úloha centrálnej banky a menová politika. Charakteristika trhu. Prognóza ďalšieho vývoja v rozvoji hospodárstva uvedených európskych krajín. | ||
| 610 | 2 | 0 | |a mena |
| 610 | 2 | 0 | |a Fínsko |
| 610 | 2 | 0 | |a Belgicko |
| 610 | 2 | 0 | |a Dánsko |
| 610 | 2 | 0 | |a Grécko |
| 610 | 2 | 0 | |a politika hospodárska |
| 610 | 2 | 0 | |a politika menová |
| 610 | 2 | 0 | |a banky emisné |
| 610 | 2 | 0 | |a trh |
| 610 | 2 | 0 | |a rozvoj hospodársky |
| 610 | 2 | 0 | |a prognózy |
| 100 | 1 | |a Wallius, S. | |